| 000 | 01102naa a2200277 c 4500 | ||
|---|---|---|---|
| 001 | 49977 | ||
| 999 |
_c49977 _d49977 |
||
| 003 | ES-MaCES | ||
| 005 | 20170928131927.0 | ||
| 008 | 170928s2017 ne ||||| t||||||| ||eng d | ||
| 040 |
_aES-MaCES _bspa _cES-MaCES _dES-MaCES |
||
| 100 |
_938575 _aStraveley O'Carroll, James |
||
| 245 | 1 | 0 |
_aImpact of pension system structure on international financial capital allocation _cJames Straveley-O'Carroll, Olena M. Staveley-O'Carroll |
| 500 | _aResumen | ||
| 504 | _aBibliografía: p. 21-22 | ||
| 650 | 4 |
_928360 _ajubilación |
|
| 650 | 4 |
_927042 _arégimen de pensión |
|
| 650 | 4 |
_928076 _agasto público |
|
| 650 | 4 |
_930265 _afinanciación de la seguridad social |
|
| 650 | 4 |
_928150 _amercado financiero |
|
| 650 | 4 |
_928140 _ainversiones de capital |
|
| 653 | 1 | 0 | _aFinanciación |
| 700 |
_938576 _aStaveley O'Carroll, Olena M. |
||
| 773 | 0 |
_986281 _dAmsterdam (P.O. Box 211, 1000 AE) Elsevier Science _o089178 _tEuropean economic review _w(ES-MaCES)25173 _gvol. 95 (June 2017) {10156 R. 089178} ;p. 1-22 |
|
| 902 | _aART Artículo de revista | ||
| 942 |
_2CES _cAR _h0.0. |
||